| 000 | 00647cam a2200217Ia 4500 | ||
|---|---|---|---|
| 008 | |||
| 020 | _a0070647925 | ||
| 049 | _aMAIN | ||
| 090 | _aQC448 | ||
| 100 | 1 | _aTischler, Morris. | |
| 245 | 1 | 0 |
_aOptoelectronics : _bfiber optics and lasers; a text-lab manual / _cMorris Tischler. |
| 250 | _a2nd ed. | ||
| 260 |
_aNew York : _bGlencoe Macmillan/McGraw-Hill, _cc1992. |
||
| 300 |
_av, 300 p. : _bill. ; _c28 cm. |
||
| 650 | 0 |
_aOptoelectronics _xLaboratory manuals. |
|
| 907 |
_a.b10043329 _b15-01-07 _c17-04-03 |
||
| 003 | |||
| 005 | 20230123133518.0 | ||
| 040 | _cNUST | ||
| 942 |
_cBOOKS _kQC448 |
||
| 999 |
_c149889 _d149889 |
||